000 00275nam a22001097a 4500
008 170120b xxu||||| |||| 00| 0 eng d
020 _a9780803622203
041 _aeng
080 _24TH
_a618.2
245 _aUNDERSTANDING MEDICAL SURGICAL NURSING
_cHOPPER, P.D
942 _2udc
_cBK
999 _c3224
_d3224